00732cam a2200229 a 45000010008000000030004000080050017000120080041000290100017000700200025000870400018001120410011001300500021001410820019001621300057001812450034002382600043002723000028003155000039003435050090003827000030004723826353OSt20210129164434.0860311s1986 nju 000 0 eng  a 86070620  a0876689152 :c$30.00 aDLCcDLCdDLC1 aengheb00aBS1091b.G2 198600a221.5/20362190 aBible.pOld Testament.kSelections.lEnglish.f1986.14aThe Torah for family reading. aNorthvale, N.J. :bJ. Aronson,cc1986. axviii, 559 p. ;c24 cm. a"Prepared by Joseph Gaer"--Jacket.0 aThe five Books of Moses = Torah -- The Prophets = Neviʼim -- The Writings = Ketuvim.1 aGaer, Joseph,d1897-1969.